000 00944nam a22002297a 4500
008 090112t xxu||||| |||| 00| 0 eng d
010 _aENG-92445
020 _a8170544882
_c175.00
035 _aEN-75978
037 _bDBAD / PUB
040 _adpl
_bEnglish
082 _a025.524
100 _aSharma, Arvind K.
245 _aInformation seeking behaviour of rural people:
_cby Arvind K. Sharma
_b(a study of Gwalior district of Madhya Pradesh) /
260 _aNew Delhi
_bClassical Publishing Co.
_c2008
270 _a28, Shoppping Centre, Karampura,
_bNew Delhi
_e110015
300 _a175p.
_c22cn (Hb)
500 _aIncludes bibliographical references and index
650 _aInformation behavior.
942 _2ddc
_cEN
_mSHA
_h025.524
999 _c20827
_d20827